000 00608nam a22002057a 4500
999 _c56840
_d56840
005 20210325202942.0
008 s2007 eng d
020 _a9780521879200
040 _aNALT
041 _aeng
090 _aKF 13
_bI57 2007 v.131
245 0 0 _aInternational law reports volume 131 /
_cedited by Sir Elihu Lauterpacht ... [et al.].
260 _aCambridge :
_bCambridge University Press,
_c2007.
300 _a793 p. ;
_b
_c23 cm.
650 0 _aInternational law
_928956
_xCases
700 1 _940193
_aLauterpacht, Elihu
850 _aNALT
942 _cLB
_2local